Solidaridad para la competitividad: apuntes preliminares
Na minha lista:
| Formato: | Texto |
|---|---|
| Assuntos: | |
| Tags: |
Adicionar Tag
Sem tags, seja o primeiro a adicionar uma tag!
|
MARC
| LEADER | 00000 a a2200000 04500 | ||
|---|---|---|---|
| 001 | 2488 | ||
| 003 | |||
| 040 | |||
| 245 | |a Solidaridad para la competitividad: |b apuntes preliminares | ||
| 500 | |a Reproducción del documento de igual nombre (SP/CL/XX.O.DT n. 11, XX Consejo Latinoamericano del SELA, México, 2-3 junio 1994 | ||
| 650 | |a CAMBIO TECNOLOGICO | ||
| 650 | |a DESEMPLEO | ||
| 650 | |a MODERNIZACION | ||
| 650 | |a COMPETITIVIDAD | ||
| 650 | |a CAPACITACION | ||
| 650 | |a SOLIDARIDAD | ||
| 773 | |g número 39; páginas 75-93 | ||
| 999 | |c 38937 |d 38937 | ||
